| 000 | 00000nam##2200000za#4500 |
| 001 | 9.640550 |
| 003 | CaOODSP |
| 005 | 20241210082339 |
| 007 | cr ||||||||||| |
| 008 | 150407|2010||||xxc|||||o f|0| 0 fre|d |
| 040 | |aCaOODSP|bfre |
| 043 | |an-cn--- |
| 086 | 1 |aFB4-11/2010F-PDF |
| 110 | 2 |aBanque du Canada. |
| 245 | 10|a75 ans d'histoire en chiffres : 1935-2010 : |h[ressource électronique]|bl'économie canadienne depuis la fondation de la Banque du Canada |
| 260 | |aOttawa - Ontario : |bBanque du Canada |cMise à jour le 16 décembre 2010. |
| 300 | |a22p.|bgraphiques, photographies |
| 500 | |a«Première édition : le 11 mars 2010.» |
| 590 | |a12-32-Supp|b2012-07-11 |
| 691 | 07|aBanque|2gcpds |
| 775 | 08|tCharting change: 1935-2010 : |w(CaOODSP)9.696436 |
| 856 | 40|ahttp://publications.gc.ca|qPDF|s1.54 Mo|uhttps://publications.gc.ca/collections/collection_2012/banque-bank-canada/FB4-11-2010-fra.pdf |